| 000 | 00000nam##2200000za#4500 |
| 001 | 9.680598 |
| 003 | CaOODSP |
| 005 | 20200330064347 |
| 007 | ta |
| 008 | 150407|1997||||xxc||||| f|0| 0 fre|d |
| 020 | |a0-662-83307-4 |
| 040 | |aCaOODSP|bfre |
| 043 | |an-cn--- |
| 086 | 1 |aEn40-565/1998F |
| 110 | 1 |aCanada. |bEnvironnement Canada. |bService de la protection de l'environnement. |
| 245 | 10|aProtocole de Montréal : |boccasions d'affaires |
| 260 | |aOttawa - Ontario : |bEnvironnement Canada. |c[1997]. |
| 300 | |a12p. : |btableaux ; |c22 cm. |
| 500 | |a«Le 16 septembre 1987, le Protocole de Montréal relatif à des substances qui appauvrissent la couche d'ozone a été signé par vingt-quatre pays à Montréal, au Québec. Le Protocole est considéré comme le premier effort de coopération mondial en vue de protéger l'environnement.»--Page 3. |
| 520 | 3 |aLe 16 septembre 1987, le Protocole de Montréal relatif à des substances qui appauvrissent la couche d'ozone a été signé par vingt-quatre pays à Montréal, au Québec. Le Protocole est considéré comme le premier effort de coopération mondial en vue de protéger l'environnement.--Page 3 |
| 563 | |aCouverture souple |
| 590 | |a98-43|b1998-10-23 |
| 691 | 07|aPollution atmosphérique|2gcpds |
| 775 | 08|tMontreal protocol : |w(CaOODSP)9.647171 |